00734nam a2200229Ia 4500008004100000041001200041082000900053100004400062245002700106260004000133300000800173365000800181520002500189546001200214630002700226650002500253655002500278730002700303942000900330999001900339952014600358101110s9999 xx 000 0 und d aENGLISH bFR70 aReddy T. Yellamanda, Reddy G.H. Sankara aPrinciples of agronomy c2003bKalyani publication, Ludhiana a327 b150 aDry-land Agriculture aENGLISH aPrinciples of agronomy aDry-land Agriculture aDry-land Agriculture aPrinciples of agronomy cBOOK c793224d793221 00104070aDBJbDBJd0000-00-00eAnjani prakashan, Pune, bill 2787, dt.31/3/04g150.00j0l0pDBJFR70r2010-11-11 00:00:00w2010-11-11yBOOK